Statistics for nba2k15 teams quiz

Click here to take the quiz!

General Stats

  • This quiz has been taken 910 times
  • The average score is 13 of 15

Answer Stats

HintAnswer% Correct
miamiheat
96%
wolvestimberwolves
95%
bullbulls
94%
cavscavaliers
94%
celtceltics
94%
knickknicks
94%
spurspurs
94%
warriorwarriors
94%
pispistons
93%
7676'ers
92%
mavmavericks
92%
rapraptors
92%
rockrockets
85%
lakelakers
77%
kingkigns
12%

Score Distribution

Percentile by Number Answered

Percent of People with Each Score

Your Score History

You have not taken this quiz